00438nam a2200193Ia 4500003000400000005001700004008004100021020001500062040000700077041000800084082001300092100001900105245001200124260004000136300001700176365001300193650001400206650002400220OSt20230331152340.0210423s2009 xx 000 0 und d a8130910896 cAL aeng a332 LEAR aLEARNING MEDIA aFinance aNew DelhibViva Books Pvt Ltdc2009 aviii,852bPB b595cINR aEconomics aFinancial Economics